000 00529nam a2200205 i 4500
001 4665299
005 20180220094136.0
008 800207s1980 caua 001 0 eng
010 _a 80100362
020 _a0201024756
040 _aDLC
_cDLC
_dDLC
041 _aeng
080 _a512.13 FOE
082 0 0 _a512.13 FOE
100 1 _a36
101 _aMAT
245 1 0 _aAlgebra and trigonometry :
_cPaul A. Foerster.
906 _a7
_bcbc
_corignew
_d2
_encip
_f19
_gy-gencatlg
942 _2ddc
_cBK
999 _c42964
_d42964